| 000 | 00730nam a22002417a 4500 | ||
|---|---|---|---|
| 005 | 20190109141250.0 | ||
| 008 | 190109b xxu||||| |||| 00| 0 eng d | ||
| 020 |
_a978875417250 _c₹ 700.00 |
||
| 040 | _aLoreto College | ||
| 041 | _aEnglish | ||
| 082 |
_a371.358 _bJEN |
||
| 245 |
_aICT in education _bPerspective on open distance learning _cEdited by Sitansu S. Jena |
||
| 260 |
_aDelhi _bShipra Publications _c2014 |
||
| 300 |
_a182 p. _b24 cm. |
||
| 504 | _aIncludes index | ||
| 650 | _aComputers-Distances Education | ||
| 650 | _aTechnology use in education | ||
| 700 |
_4Auth _aJena, Sitansu S. |
||
| 700 |
_4Auth _aAgarwal, Kuldeep |
||
| 700 |
_4Auth _aMahapatra, Sukanta K. |
||
| 850 | _aLCLIB | ||
| 942 | _cBK | ||
| 999 |
_c41913 _d92392 |
||